| 000 | 01413cam a22001934a 4500 | ||
|---|---|---|---|
| 005 | 20250605164037.0 | ||
| 008 | 250528s ||||||||||||||||||||||||d | ||
| 035 | _a16854 | ||
| 020 | _a9603511692 | ||
| 040 |
_aGR-AtMCL _bgre _dGR-AtMCL _eAACR2 |
||
| 245 | 1 | _aΒιομηχανική Παραγωγή / Βιομηχανίες Επεξεργασίας: Τεχνική, Οικονομική και Περιβαλλοντική Ανάλυση | |
| 260 |
_bΣταμούλης, _c1998 |
||
| 300 | _a456 | ||
| 520 | _aΤο εγχειρίδιο αυτό θα ενθουσιάσει επιχειρηματίες, μηχανικούς, εκπαιδευτικούς, σπουδαστές ΑΕΙ και ΤΕΙ, και περιβαλλοντολόγους, με το πλήθος των σύγχρονων στοιχείων που περιέχει και που αφορούν την σημερινή βιομηχανία και κυρίως βιομηχανικές μονάδες που λειτουργούν στην Ελλάδα. Πρόλογος, Μηχανικές Διεργασίες, Θερμικές Διεργασίες, Χημικές και Ηλεκτροχημικές Διεργασίες, Βιολογικές ή Βιοτεχνολογικές Διεργασίες, Βιβλιογραφία. | ||
| 700 | 1 |
_aΚαρβούνης Σωτήρης _92938 |
|
| 942 | _cBK | ||
| 999 |
_c2306 _d2306 |
||